United Kingdom First Level Subdivisions - Statistics

General Stats
  • This quiz has been taken 401 times
  • The average score is 13 of 21
Answer Stats
Constituent countries % Correct
England
100%
Northern Ireland
99%
Wales
99%
Scotland
98%
Isle of Man
86%
Jersey
81%
Guernsey
78%
Falkland Islands
70%
Gibraltar
69%
British Virgin Islands
68%
Bermuda
66%
Anguilla
56%
Cayman Islands
55%
Montserrat
54%
British Indian Ocean Territory
46%
Pitcairn Islands
44%
Akrotiri
42%
Turks and Caicos Islands
41%
Dhekelia
37%
Saint Helena, Ascension and Tristan da Cunha
30%
South Georgia and South Sandwich Islands
28%
No matching quizzes found
Score Distribution
Percent of People with Each Score
Percentile by Number Answered
Your Score History
You have not taken this quiz